Представление документа в формате RUSMARC

ПолеНазваниеЗначение
  Тип записи a
  Библиографический уровень m
001 Контрольный номер UONB/MAIN/2628e2fb06f445d984bd3317197a0d15
005 Дата корректировки 20250520124719.4
010 Индекс ISBN __
b Уточнения в пер.
d Цена 1 р. 70 к.
9 Тираж 6500 экз.
100 Данные общей обработки __
a Данные общей обработки 20230426 1967 u y0rusy0189## ca
101 Язык документа 0_
a Язык текста rus
102 Страна публикации __
a Страна публикации RU
105 Кодированные данные (монография) __
a Кодированные данные (монография) a z 001yy
200 Заглавие и сведения об ответственности 1_
a Заглавие Грейферные механизмы
e Сведения, относящиеся к заглавию теория, расчет и конструкции
f Первые сведения об ответственности Б.А. Таубер
203 Вид содержания и тип средства __
a Вид содержания Текст
b Характеристика содержания визуальный
c Тип средства непосредственный
205 Сведения об издании __
a Основные сведения об издании Изд. 2-е, доп.
210 Выходные данные 1_
a Место издания Москва
c Издательство Машиностроение
d Дата издания 1967
215 Физическое описание __
a Объем 424 с.
c Иллюстрации/тип воспроизводства ил., с илл.; 1 л. граф.
d Формат 22 см
300 Общие примечания __
a Общие примечания Перед загл. ват.: Б.А. Таубер, д-р техн. наук проф.
300 Общие примечания __
a Общие примечания На пер. авт. не указан
320 Библиография __
a Библиография Библиогр.: с. 421-422
606 Тематические рубрики 0_
a Основная рубрика Грейферы
x Основная подрубрика Конструкция и расчет
610 Ключевые слова 0_
a Ключевые слова грейферы
610 Ключевые слова 0_
a Ключевые слова конструкция и расчет
675 Индекс УДК __
a Индекс УДК 6П5.613
686 Индексы других классификаций __
a Классификационный индекс 34
2 Код системы rubbk
700 Автор _1
a Фамилия Таубер
b Имя (инициалы) Б.А.
g Полное личное имя Борис Абрамович
801 Источник записи _0
a Страна RU
b Организация Ульяновская ОНБ
c Дата составления 20230426
g Правила каталогизации RCR
801 Источник записи _1
a Страна RU
b Организация Ульяновская ОНБ
c Дата составления 20230426
g Правила каталогизации RCR
901 Тип документа __
t Тип документа m
909 Создатель записи __
a Создатель записи Аверьянова
b Дата создания записи 20230426